Polynómy generované Pascalovým trojuholníkom

Gespeichert in:
Bibliographische Detailangaben
1. Verfasser: Poláčiková, Katarína (Verfasst von)
Weitere Verfasser: Čipková, Karla (Betreuung Doktorarbeit)
Format: Manuskript Buch
Sprache:Slowakisch
Veröffentlicht: Bratislava : STU v Bratislave FEI, 2024
Schlagworte:
Online-Zugang:https://opac.crzp.sk/?fn=detailBiblioFormChildCN1KP&sid=925BFB95FAA30F229094C6019F0C&seo=CRZP-detail-kniha
Tags: Tag hinzufügen
Keine Tags, Fügen Sie das erste Tag hinzu!

MARC

LEADER 00000ntm a22000003a 4500
001 stuzp92911
003 SK-STU
005 20250409143428.8
007 ta
008 150427s2015----xo-----f-mn---000-0-slo-d
040 |a STU  |b slo 
041 0 |a slo 
044 |a xo 
100 1 |a Poláčiková, Katarína  |u 035000  |4 aut  |U FEI Fakulta elektrotechniky a informatiky  |T FEI Ústav informatiky a matematiky  |X 111421  |U E050  |Y 816  |7 111421 
242 0 1 |a Polynomials generated by Pascal triangle  |y eng 
245 1 0 |a Polynómy generované Pascalovým trojuholníkom 
260 |a Bratislava :  |b STU v Bratislave FEI,  |c 2024 
300 |a 47 s. 
650 4 |a konečné polia  |2 slo 
650 4 |a ireducibilita polynómov  |2 slo 
650 4 |a Pascalov trojuholník  |2 slo 
650 4 |a faktorizácia  |2 slo 
650 4 |a Pascal's triangle  |2 eng 
650 4 |a finite fields  |2 eng 
650 4 |a factorization  |2 eng 
650 4 |a polynomial irreducibility  |2 eng 
700 1 |a Čipková, Karla  |u 035000  |k Z1  |4 ths  |U FEI Fakulta elektrotechniky a informatiky  |T FEI Ústav informatiky a matematiky  |X 2149  |U E050  |Y 816  |7 A000002149 
856 4 |u https://opac.crzp.sk/?fn=detailBiblioFormChildCN1KP&sid=925BFB95FAA30F229094C6019F0C&seo=CRZP-detail-kniha